[Event "Condom op 19th"]
[Site "Condom"]
[Date "2022.07.09"]
[Round "1"]
[White "Trouve, Ethan"]
[Black "Laurent, Mathieu1"]
[Result "1/2-1/2"]
[WhiteElo "1094"]
[BlackElo "1771"]
[PlyCount "145"]
[EventDate "2022.07.09"]
[EventType "swiss"]
[EventRounds "9"]
[EventCountry "FRA"]
[SourceTitle "CBM 209 Extra"]
[Source "ChessBase"]
[SourceDate "2022.09.30"]
[SourceVersion "1"]
[SourceVersionDate "2022.09.30"]
[SourceQuality "1"]

1. e4 c5 2. Nc3 Nc6 3. Bb5 Nd4 4. Nf3 g6 5. d3 Bg7 6. Bc4 d6 7. Be3 Nxf3+ 8. Qxf3 Nf6 9. h3 0-0 10. 0-0 a6 11. Rab1 Nd7 12. a3 Ne5 13. Qe2 Nxc4 14. dxc4 Bd7 15. Na2 b5 16. cxb5 axb5 17. f3 b4 18. Qd3 Qa5 19. Rfd1 Be6 20. b3 Qxa3 21. Nc1 Qa6 22. Ne2 Qxd3 23. Rxd3 Ra2 24. Rd2 Rfa8 25. Kh2 Rb2 26. Rxb2 Bxb2 27. Bh6 f6 28. Nf4 Be5 29. g3 Bf7 30. Nd3 Bc3 31. Rf2 Ra2 32. Be3 c4 33. Nc1 cxb3 34. cxb3 Ra3 35. Ra2 Rxa2+ 36. Nxa2 Be1 37. Nc1 Be6 38. g4 Kf7 39. Kg2 Bc3 40. Kf2 Bb2 41. Nd3 Bc3 42. Nc1 d5 43. exd5 Bxd5 44. Bc5 Bd2 45. Nd3 Bxb3 46. Bxb4 Bg5 47. Kg3 Be3 48. Ne1 e5 49. Ng2 Bc1 50. f4 Ke6 51. fxe5 fxe5 52. Bf8 Bd5 53. Kf2 h5 54. Ne3 Bc6 55. g5 Bb2 56. Bg7 Bd4 57. Ke2 Bd5 58. Nxd5 Kxd5 59. Bf6 e4 60. Kd2 Bxf6 61. gxf6 Ke6 62. Ke3 Kxf6 63. Kxe4 Kg5 64. Kf3 Kh4 65. Kg2 g5 66. Kh2 g4 67. hxg4 hxg4 68. Kg2 g3 69. Kg1 Kh3 70. Kh1 Kg4 71. Kg2 Kf4 72. Kg1 Kf3 73. Kf1 1/2-1/2